| 000 | 00380nam a2200133Ia 4500 | ||
|---|---|---|---|
| 008 | 231129s9999||||xx |||||||||||||| ||spa|| | ||
| 020 | _a958-600-501-1 | ||
| 040 | _bspa | ||
| 082 | _aR 001.64250202 T598w | ||
| 100 | _aTiznado Santana Marco Antonio | ||
| 245 | 0 | _aWindows 95 : Manual de bolsillo | |
| 264 | _aMcGraw-Hill | ||
| 942 |
_2ddc _cBKS |
||
| 999 |
_c26466 _d26466 |
||